000 00312nam a2200145Ia 4500
100 _aBali/ S.P.
250 _a3
942 _cBK
654 _asolid
245 _aSolid state devices & Circuits
260 _bWiley & New age
_aNew Delhi
_c1995
082 _a621.381
_bBAL
300 _a375
546 _aENGLISH
999 _c19393
_d19393